Híbrida : enseñar en la universidad que no vimos venir /
"Durante la pandemia de covid-19 repetimos demasiadas veces: "Las cosas nunca volverán a ser lo que eran". Y sin embargo, parece que muchas cosas volvieron a ser tal cual habían sido. ¿No era que de la pandemia íbamos a salir mejores? Mariana Maggio parte de la experiencia vivida en l...
Guardado en:
| Autor Principal: | |
|---|---|
| Formato: | Libro |
| Idioma: | Spanish |
| Publicado: |
[Buenos Aires] :
Tilde Editora,
2023.
|
| Edición: | 2a ed. |
| Materias: | |
| Etiquetas: |
Agregar Etiqueta
Sin Etiquetas, Sea el primero en etiquetar este registro!
|
| LEADER | 01850nam a2200277 a 4500 | ||
|---|---|---|---|
| 001 | EUN.eunm009521 | ||
| 007 | ta | ||
| 008 | 231227s2023####ag#####gr#####001#0#spa## | ||
| 005 | 20250715084433.0 | ||
| 245 | 1 | 0 | |a Híbrida : |b enseñar en la universidad que no vimos venir / |c Mariana Maggio. |
| 250 | |a 2a ed. | ||
| 260 | |a [Buenos Aires] : |b Tilde Editora, |c 2023. | ||
| 300 | |a 210 p. ; |c 21 cm. | ||
| 504 | |a Bibliografía: p. [207]-210. | ||
| 520 | 1 | |a "Durante la pandemia de covid-19 repetimos demasiadas veces: "Las cosas nunca volverán a ser lo que eran". Y sin embargo, parece que muchas cosas volvieron a ser tal cual habían sido. ¿No era que de la pandemia íbamos a salir mejores? Mariana Maggio parte de la experiencia vivida en la universidad en 2020 y 2021 y nos obsequia su siempre lúcida reflexión en Híbrida. Enseñar en la universidad que no vimos venir. El objetivo está puesto en el planteo de rediseños y articulaciones que nos ayuden a edificar un futuro más inclusivo para las universidades. Provocadora, Maggio elabora un ensayo que busca interpelar al lector para despertar consciencias y que las cosas no vuelvan a ser como antes. Luego de su primera publicación digital en julio de 2022, la autora dio el salto y convocó a los lectores a coescribir el último capítulo con ella. De esos encuentros surge esta nueva edición, con el capítulo incorporado al libro y un prólogo actualizado."--Contratapa- | |
| 020 | |a 978-987-82824-1-1 | ||
| 100 | 1 | |a Maggio, Mariana |e autora |4 aut | |
| 043 | |a s-ag--- | ||
| 080 | |a 378(82) |2 2016 | ||
| 082 | 0 | 4 | |a 378.1758 |2 21 |
| 650 | 7 | |a Enseñanza superior. |2 unbist | |
| 650 | 7 | |a Enseñanza a distancia. |2 unbist | |
| 651 | 7 | |a Argentina. |2 unbist | |
| 040 | |a AR-BaBN |b spa |c AR-BaBN |e aacr |d AR-BaUNS | ||
| 044 | |a ag |c ar-c | ||
| 859 | |a AR-BaUNS |b BIB. CENTRAL - Sector A |h 378.1758 |i M272 |p 129004/025 | ||
